Ethnic identity and Christianity : (Record no. 659)
[ view plain ]
| 000 -LEADER | |
|---|---|
| fixed length control field | 01354cam a22003137a 4500 |
| 001 - CONTROL NUMBER | |
| control field | 12953201 |
| 003 - CONTROL NUMBER IDENTIFIER | |
| control field | GBC |
| 005 - DATE AND TIME OF LATEST TRANSACTION | |
| control field | 20241126110343.0 |
| 008 - FIXED-LENGTH DATA ELEMENTS--GENERAL INFORMATION | |
| fixed length control field | 020809s2002 gw b 000 0 eng |
| 010 ## - | |
| -- | 2002524682 |
| 020 ## - INTERNATIONAL STANDARD BOOK NUMBER | |
| International Standard Book Number | 3631394713 (Frankfurt : pbk.) |
| 020 ## - INTERNATIONAL STANDARD BOOK NUMBER | |
| International Standard Book Number | 9789380548708 |
| 020 ## - INTERNATIONAL STANDARD BOOK NUMBER | |
| International Standard Book Number | 082045978X (New York : pbk.) |
| 040 ## - CATALOGING SOURCE | |
| Original cataloging agency | DLC |
| Transcribing agency | DLC |
| 050 00 - | |
| -- | MLCS 2005/02866 (B) |
| 082 ## - DEWEY DECIMAL CLASSIFICATION NUMBER | |
| Classification number | 266.00954 |
| Item number | PAC |
| 082 ## - DEWEY DECIMAL CLASSIFICATION NUMBER | |
| Classification number | 266.00954166 |
| Item number | PAC |
| 100 1# - MAIN ENTRY--PERSONAL NAME | |
| Personal name | Pachuau, Lalsangkima. |
| 9 (RLIN) | 975 |
| 245 10 - TITLE STATEMENT | |
| Title | Ethnic identity and Christianity : |
| Remainder of title | a socio-historical and missiological study of Christianity in Northeast India with special reference to Mizoram / |
| Statement of responsibility, etc. | Lalsangkima Pachuau. |
| 260 ## - PUBLICATION, DISTRIBUTION, ETC. | |
| Place of publication, distribution, etc. | Bangalore; |
| -- | Frankfurt am Main ; |
| -- | New York : |
| Name of publisher, distributor, etc. | Peter Lang, |
| -- | CFCC, |
| Date of publication, distribution, etc. | c2002. |
| 300 ## - PHYSICAL DESCRIPTION | |
| Extent | xi, 205 p. ; |
| Dimensions | 21 cm. |
| 490 0# - SERIES STATEMENT | |
| Series statement | Studien zur interkulturellen Geschichte des Christentums, |
| International Standard Serial Number | 0170-9240 ; |
| Volume/sequential designation | v. 129 = |
| Series statement | Studies in the intercultural history of Christianity ; |
| Volume/sequential designation | v. 129. |
| 500 ## - GENERAL NOTE | |
| General note | Thesis (Ph. D.)--Princeton University, Princeton, 1998. |
| 504 ## - BIBLIOGRAPHY, ETC. NOTE | |
| Bibliography, etc. note | Includes bibliographical references (p. [177]-205). |
| 830 #0 - | |
| -- | Studien zur interkulturellen Geschichte des Christentums ; |
| -- | Bd. 129. |
| -- | 976 |
| 906 ## - LOCAL DATA ELEMENT F, LDF (RLIN) | |
| a | 7 |
| b | cbc |
| c | origres |
| d | 4 |
| e | ncip |
| f | 20 |
| g | y-gencatlg |
| 942 ## - ADDED ENTRY ELEMENTS (KOHA) | |
| Source of classification or shelving scheme | Dewey Decimal Classification |
| Koha item type | Books |
| Koha issues (borrowed), all copies | 17 |
| Withdrawn status | Lost status | Source of classification or shelving scheme | Damaged status | Not for loan | Home library | Current Library | Shelving location | Date acquired | Total checkouts | Total renewals | Full call number | Barcode | Date last seen | Date last checked out | Copy number | Price effective from | Koha item type |
|---|---|---|---|---|---|---|---|---|---|---|---|---|---|---|---|---|---|
| Dewey Decimal Classification | GRACE BIBLE COLLEGE | GRACE BIBLE COLLEGE | Ministry & Mission | 2017-02-23 | 9 | 1 | 266.00954 PAC | 014185 | 2025-05-09 | 2021-04-19 | c.1 | 2017-02-23 | Books | ||||
| Dewey Decimal Classification | GRACE BIBLE COLLEGE | GRACE BIBLE COLLEGE | Ministry & Mission | 2017-02-23 | 9 | 266.00954 PAC | 014186 | 2025-05-01 | 2021-07-02 | c.2 | 2017-02-23 | Books |